000 00610nam a2200181 i 4500
001 95817
003 ES-MaACL
007 t|
008 050606s1974 mx ||||1| spa d
100 1 _aMacCracken, Daniel D.
_975091
245 1 0 _aProgramación Cobol /
_cDaniel D. MacCracken; traductor Mario Rodríguez de la Vega G.; revisor Mario del Valle Sánchez.
250 _a[1ª ed.], 5ª reimp.
260 _aMéxico :
_bLimusa,
_c1974.
300 _a181 p. :
_bil. ;
_c28 cm.
700 1 _aRodríguez de la Vega G., Mario.
_998457
700 1 _aValle, Mario del.
_9112773
852 _aES-MaACL
_jE-6967
_bR.91068
999 _c95817
_d95817